000 00831nam a22002417a 4500
003 OSt
005 20250110033348.0
008 250110b |||||||| |||| 00| | eng d
020 _a971-656-032-X
040 _cJMCFI - Learning Resource Center
082 _aF.P./IT.Ed. 005.74 P913 1991
100 _aPratt, Philip j
_95450
245 _aDatabase systems management and design /
_cPhilip J. Pratt and Joseph J. Adamski.
250 _aSecond edition.
260 _aBoston :
_bBoyd & Fraser Publishing Company ,
_c1991.
300 _axxii, 826 pages :
_bblack and white, illus. ;
_c21 cm
500 _aIncludes glossary and indexes.
650 _aData base systems.
_95451
650 _aDatabase design.
_94782
650 _aDatabase management.
_94664
700 _aAdamski, Joseph J
_95452
942 _2ddc
_cBK
_eSecond edition
_n0
999 _c2604
_d2604